000 00278nam a2200121Ia 4500
008 190216s9999||||xx |||||||||||||| ||und||
100 _aDavid Green
245 4 _aThe Singing Leaves
260 _bOrient Longman
_c1976
300 _a109
650 _aEnglish Poetry
942 _cBK
999 _c12611
_d12611